LEADER 01083nam a2200265 u 4500 001 000000007738 003 CaOOAMICUS 005 20070226105022.0 008 940514s1953 it u000 u ita u 035 $a10202110 040 $aPUL(R)$bita 100 1 $aFerretti, Bruno.$0(OLS)http://pul/name/7746 245 10$aFisica atomica /$cBruno Ferretti. 260 $aRoma :$bStudium,$c1953. 300 $a142 p. ;$c17 cm 490 1 $aUniversale studium ;$v27 650 4$aFisica atomica.$0(OLS)http://pul/subject/6753 830 0$aUniversale studium ;$v27.$0(OLS)http://pul/title/5921 850 $aPUL 852 $aPUL$W1$xDP1 Fondo Ciprotti$y59$m1536 E 27$j10964$nBK-PRI$b $qFondi$B10964$CPULBib$Z2$F10964 $H $81 852 $aPUL$W1$xDP1 Fondo Pastorale$y55$mP18 F 51$j10965$nBK-PRI$b $qFondi$B10965$CPULBib$Z2$F10965 $HPUL58512 $81 941 1 $a1 961 $aINV: 1049. Fondo Ciprotti 996 $6245$aFisica atomica$9(OLS)http://pul/title/11281 996 $6260$aRoma :$bStudium$9(OLS)http://pul/publisher/47892 LEADER 02489nam a2200481 u 4500 001 000000104407 003 CaOOAMICUS 005 20090428155145.0 008 070322m20069999it u000 u ita r 020 $a88-598-0009-98 (v.8) 020 $a88-598-0068-4 (v.1) 020 $z978-88-598-0360-7 (v. 10)* 040 $aPUL$bita$dLDB 245 02$aI singoli contratti. 246 10$aGiuoco, scommessa, rendite 246 10$aLa vendita 246 10$aGaranzie personali 260 $aTorino :$bUTET,$c2006-<2009>. 300 $av. <1,8, 10> ;$c25 cm 490 1 $aTrattato di diritto civile / diretto da Rodolfo Sacco 504 $aBibliografia in nota. 505 1 $av. 1. La vendita / Alberto Maria Musy e Silvia Ferreri. -- v. 8. Giuoco, scommessa, rendite / Massimo Paradiso. -- v. 10. Garanzie personali /Francesco Macario 650 4$aGiochi (Diritto).$0(OLS)http://pul/subject/18828 650 14$aDiritto commerciale$zItalia.$0(OLS)http://pul/subject/1274 700 1 $aSacco, Rodolfo.$0(OLS)http://pul/name/23503 700 1 $aMusy, Alberto Maria.$0(OLS)http://pul/name/64099 700 1 $aMacario, Francesco,$d1960-$0(OLS)http://pul/name/71528 700 1 $aFerreri, Silvia.$0(OLS)http://pul/name/29038 700 1 $aParadiso, Massimo.$0(OLS)http://pul/name/29225 830 0$aTrattato di diritto civile / diretto da Rodolfo Sacco.$0(OLS)http://pul/title/131318 850 $aPUL 852 $aPUL$W1$xSL Diritto e Scienze Sociali 3$y79$m346. 45 SACRO 1.7,8$j116789$qDDC 21$B116782$CPULBib$Z2$F116782 $H102694 $82 852 $aPUL$W1$xSL Diritto e Scienze Sociali 3$y79$m346. 45 SACRO 1.7,1$j116790$qDDC 21$B116783$CPULBib$Z2$F116783 $H103307 $82 852 $aPUL$W1$xSL Diritto e Scienze Sociali 3$y79$m346. 45 SACRO 1.7.10$j132220$bV.10$qDDC 21$B131213$CPULBib$Z2$F131213 $H110106 $82 941 1 $a9 996 $6020$a88-598-0009-98 (v.8)$9(OLS)http://pul/number/133944 996 $6020$a88-598-0068-4 (v.1)$9(OLS)http://pul/number/133945 996 $6020$z978-88-598-0360-7 (v. 10)*$9(OLS)http://pul/number/140496 996 $6246$aGiuoco, scommessa, rendite$9(OLS)http://pul/title/131320 996 $6246$aLa vendita$9(OLS)http://pul/title/131321 996 $6245$aI singoli contratti$9(OLS)http://pul/title/131319 996 $6246$aGaranzie personali$9(OLS)http://pul/title/58079 996 $6260$aTorino :$bUTET$9(OLS)http://pul/publisher/48088